000 00407nam a22001457a 4500
999 _c15344
_d15344
082 _a631.37
_bJOH/DE
100 _aJOHN, MATHEW
_93018
245 _aDesign, development and evaluation of a low cost paddy thresher
260 _aTavanur
_bKelappaji College of Agricultural Engineering and Technology
_c1991
300 _a100
500 _athesis
520 _athesis
650 _athesis
_92982
942 _cTH